LEADER 00784nam a2200205 i 4500 001 000000051872 003 CaOOAMICUS 005 20100707000000.0 008 100707s1954 xx u000 u fre u 013 $a23044 040 $aSeMil$bita 100 1 $aBeyer, Jean .$0(OLS)http://semarc/name/90158 245 14$aLes instituts séculiers /$cJean Beyer. 260 $aBruges :$bDesclée de Brouwer,$ccopyr. 1954. 300 $a402 p. ;$c21 cm. 650 4$aIstituti secolari.$0(OLS)http://semarc/subject/5771 850 $aSeMil 852 $aSeMil$W1$xVenegono$y1$m2G I 119 =$j18027$B18027$CSeMilBibl$Z2$F18028 $81 996 $6245$aLes instituts séculiers$9(OLS)http://semarc/title/79525 996 $6260$aBruges :$bDesclée de Brouwer$9(OLS)http://semarc/publisher/29840 LEADER 00850nam a2200205 i 4500 001 000000121186 003 CaOOAMICUS 005 20031210000000.0 008 031210s1971 it u000 u ita u 013 $a93880 040 $aSeMil$bita 100 1 $aRavaglioli, Armando.$0(OLS)http://semarc/name/5192 245 10$aVol. 2. 300 $a454 p. :$briccamente ill. 500 $aIn preliminari : La realizzazione di questa opera è stata voluta dal Banco di Roma per celebrare il primo centenario di Roma capitale (1870-1970). - Esemplare N. 727 di 4000. 773 0 $tRoma la capitale.$d[Roma] : Edizione del Banco di Roma, 1970-1971.$w()10697 850 $aSeMil 852 $aSeMil$W1$xVenegono$y1$m5H IX 38$j76285$B76285$CSeMilBibl$Z2$F79038 $8I 961 $aOmaggio: Martini Card. Carlo Maria 996 $6245$aVol. 2$9(OLS)http://semarc/title/13458